| Tag |
First Indicator |
Second Indicator |
Subfields |
| LEADER |
00000cam a2200000 i 4500 |
| 001 |
in00000794413 |
| 005 |
20151017072816.0 |
| 008 |
770520s1977 dcu f00010 eng d |
| 010 |
|
|
|a gp 77009781
|
| 020 |
|
|
|c pbk.
|
| 035 |
|
|
|a (OCoLC)02996593
|
| 035 |
|
|
|9 ADQ0904AM
|
| 040 |
|
|
|a GPO
|c GPO
|d UtOrBLW
|
| 074 |
|
|
|a 74-A-2
|
| 086 |
|
|
|a A 98.9:86/2
|
| 110 |
1 |
|
|a United States.
|b Food and Nutrition Service.
|
| 245 |
1 |
0 |
|a Quantity recipes for child care centers /
|c [prepared by Nutrition and Technical Services Staff, Food and Nutrition Service, and Consumer and Food Economic Institute, Agricultural Research Service, U.S. Department of Agriculture and the National Marine Fisheries Service, National Oceanic and Atmospheric Administration, U.S. Department of Commerce].
|
| 250 |
|
|
|a Slightly rev. Jan. 1977.
|
| 264 |
|
1 |
|a Washington :
|b Dept.of Agriculture, Food and Nutrition Service,
|c 1977.
|
| 300 |
|
|
|a 93 cards ;
|c 13 x 21 cm.
|
| 336 |
|
|
|a text
|b txt
|2 rdacontent
|
| 337 |
|
|
|a unmediated
|b n
|2 rdamedia
|
| 338 |
|
|
|a card
|b no
|2 rdacarrier
|
| 490 |
1 |
|
|a FNS ; 86
|
| 650 |
|
0 |
|a Food service.
|
| 650 |
|
0 |
|a Day care centers
|z United States.
|
| 710 |
1 |
|
|a United States.
|b Agricultural Research Service.
|b Consumer and Food Economic Institute.
|
| 710 |
1 |
|
|a United States.
|b National Marine Fisheries Service.
|
| 830 |
|
0 |
|a FNS (Series) ;
|v 86.
|
| 999 |
|
|
|a MARS
|
| 999 |
f |
f |
|s a74cb7e8-81f6-368c-a6a8-85d1262c5d62
|i 9760ddfd-88ed-3bf9-8c96-9553b652f07a
|t 0
|
| 952 |
f |
f |
|p normal
|a Texas A&M University
|b College Station
|c Sterling C. Evans Library
|d Evans: US Documents (Annex 5th floor)
|t 0
|e A 98.9:86/2
|h Superintendent of Documents classification
|i unmediated -- card
|m A14816472961
|
| 998 |
f |
f |
|a A 98.9:86/2
|t 0
|l Evans: US Documents (Annex 5th floor)
|